Stamping time 1 = Dấu ấn thời gian : Tuyển chọn những thành ngữ và thơ ca song ngữ Anh - Việt

保存先:
書誌詳細
フォーマット: 図書
言語:Undetermined
出版事項: Thành phố Hồ Chí Minh Tổng hợp Thành phố Hồ Chí Minh 2004
主題:
タグ: タグ追加
タグなし, このレコードへの初めてのタグを付けませんか!
Thư viện lưu trữ: Trung tâm Học liệu Trường Đại học Cần Thơ
LEADER 00671nam a2200193Ia 4500
001 CTU_94594
008 210402s9999 xx 000 0 und d
020 |c 20000 
082 |a 423.1 
082 |b S783 
245 0 |a Stamping time 1 = 
245 0 |b Dấu ấn thời gian : Tuyển chọn những thành ngữ và thơ ca song ngữ Anh - Việt 
245 0 |c Anh Nguyễn biên dịch 
260 |a Thành phố Hồ Chí Minh 
260 |b Tổng hợp Thành phố Hồ Chí Minh 
260 |c 2004 
650 |a English language,Proverbs, English 
904 |i Năm 
980 |a Trung tâm Học liệu Trường Đại học Cần Thơ